000 00280nam a22001337a 4500
008 170810b xxu||||| |||| 00| 0 eng d
020 _a1881991377
041 _aeng
080 _a004
100 _a35
101 _aSHKI
245 _aTHE VISUAL BASIC
_cLIN, F
942 _2udc
_cBK
999 _c23160
_d23160